[Event "9 Round Open"]
[Site "Enniscrone, Sligo, IE"]
[Date "2026.02.03"]
[Round "3"]
[White "Smith, Lynda"]
[Black "Vitiukov, Mikhail"]
[Result "1-0"]
[Board "18"]
[WhiteFideId "1800191"]
[BlackFideId "14168839"]
[WhiteTitle "WCM"]
[WhiteElo "1822"]
[BlackElo "1650"]
[WhiteTeam "WLS"]
[BlackTeam "UKR"]
[WhiteClock "0:22:18"]
[BlackClock "0:41:03"]
[Variant "Standard"]

1. e4 {[%clk 1:30:22]}  e5 {[%clk 1:30:50]} 2. Nf3 {[%clk 1:30:46]}  d6 {[%clk 1:31:15]} 3. Nc3 {[%clk 1:31:01]}  Bg4 {[%clk 1:31:25]} 4. Be2 {[%clk 1:31:21]}  Bxf3 {[%clk 1:31:50]} 5. Bxf3 {[%clk 1:31:34]}  Nf6 {[%clk 1:32:12]} 6. O-O {[%clk 1:31:22]}  Be7 {[%clk 1:32:24]} 7. d3 {[%clk 1:31:07]}  Nbd7 {[%clk 1:32:43]} 8. Be3 {[%clk 1:30:57]}  c6 {[%clk 1:33:08]} 9. a4 {[%clk 1:28:00]}  O-O {[%clk 1:32:48]} 10. Qe2 {[%clk 1:27:26]}  Qc7 {[%clk 1:31:26]} 11. g3 {[%clk 1:25:44]}  a6 {[%clk 1:31:28]} 12. a5 {[%clk 1:24:49]}  b5 {[%clk 1:30:02]} 13. axb6 {[%clk 1:24:18]}  Nxb6 {[%clk 1:30:27]} 14. d4 {[%clk 1:22:01]}  exd4 {[%clk 1:24:46]} 15. Bxd4 {[%clk 1:22:09]}  c5 {[%clk 1:25:13]} 16. Bxf6 {[%clk 1:18:41]}  Bxf6 {[%clk 1:25:38]} 17. e5 {[%clk 1:15:10]}  Rae8 {[%clk 1:26:06]} 18. exd6 {[%clk 1:13:30]}  Rxe2 {[%clk 1:23:59]} 19. dxc7 {[%clk 1:13:54]}  Rxc2 {[%clk 1:24:23]} 20. Rxa6 {[%clk 1:11:48]}  Rxb2 {[%clk 1:24:48]} 21. Ne4 {[%clk 1:07:21]}  Be5 {[%clk 1:23:48]} 22. Nxc5 {[%clk 1:04:14]}  Bxc7 {[%clk 1:24:11]} 23. Rc1 {[%clk 1:00:37]}  Re8 {[%clk 1:11:47]} 24. Kg2 {[%clk 0:53:59]}  Bd8 {[%clk 1:05:37]} 25. Nb7 {[%clk 0:49:08]}  h6 {[%clk 1:01:54]} 26. Rc6 {[%clk 0:47:32]}  Na8 {[%clk 0:56:10]} 27. Rc8 {[%clk 0:46:10]}  Nc7 {[%clk 0:56:20]} 28. Ra4 {[%clk 0:36:09]}  Ne6 {[%clk 0:56:13]} 29. Raa8 {[%clk 0:33:22]}  Rd2 {[%clk 0:56:21]} 30. Bg4 {[%clk 0:31:24]}  Rf8 {[%clk 0:40:45]} 31. Bxe6 {[%clk 0:29:36]}  fxe6 {[%clk 0:41:13]} 32. Rxd8 {[%clk 0:29:21]}  Rdxf2+ {[%clk 0:41:37]} 33. Kh3 {[%clk 0:29:36]}  e5 {[%clk 0:41:11]} 34. Rxf8+ {[%clk 0:29:51]}  Rxf8 {[%clk 0:41:34]} 35. Rxf8+ {[%clk 0:30:16]}  Kxf8 {[%clk 0:42:00]} 36. Kg4 {[%clk 0:30:15]}  g6 {[%clk 0:42:01]} 37. Kf3 {[%clk 0:30:18]}  Ke7 {[%clk 0:41:30]} 38. Ke4 {[%clk 0:30:33]}  Kf6 {[%clk 0:41:37]} 39. Nc5 {[%clk 0:30:02]}  Kg5 {[%clk 0:38:34]} 40. h3 {[%clk 0:29:30]}  h5 {[%clk 0:38:46]} 41. Kxe5 {[%clk 0:28:58]}  h4 {[%clk 0:39:04]} 42. Ne4 {[%clk 0:27:35]}  Kh6 {[%clk 0:39:12]} 43. g4 {[%clk 0:27:42]}  Kh7 {[%clk 0:38:27]} 44. Kf6 {[%clk 0:26:58]}  Kh6 {[%clk 0:38:48]} 45. Nd2 {[%clk 0:25:53]}  Kh7 {[%clk 0:38:43]} 46. Nf3 {[%clk 0:25:41]}  Kh6 {[%clk 0:38:46]} 47. Nxh4 {[%clk 0:25:36]}  Kh7 {[%clk 0:39:13]} 48. Nxg6 {[%clk 0:25:31]}  Kh6 {[%clk 0:39:41]} 49. Ne5 {[%clk 0:24:59]}  Kh7 {[%clk 0:39:48]} 50. h4 {[%clk 0:24:23]}  Kh6 {[%clk 0:40:04]} 51. Kf7 {[%clk 0:22:21]}  Kh7 {[%clk 0:40:21]} 52. g5 {[%clk 0:22:18]}  Kh8 {[%clk 0:40:39]} 53. Nc6 {[%clk 0:21:57]}  Kh7 {[%clk 0:41:03]} 54. g6 {[%clk 0:22:18]} 1-0

[Event "9 Round Open"]
[Site "Enniscrone, Sligo, IE"]
[Date "2026.02.03"]
[Round "3"]
[White "Prado, Alexandra"]
[Black "Salmin, Vitaliy"]
[Result "0-1"]
[Board "19"]
[WhiteFideId "3301346"]
[BlackFideId "34147885"]
[WhiteTitle "WCM"]
[WhiteElo "1924"]
[BlackElo "1802"]
[WhiteTeam "BOL"]
[BlackTeam "IRL"]
[WhiteClock "0:25:07"]
[BlackClock "0:04:09"]
[Variant "Standard"]

1. e4 {[%clk 1:30:56]}  c6 {[%clk 1:20:14]} 2. d4 {[%clk 1:31:10]}  d5 {[%clk 1:20:39]} 3. exd5 {[%clk 1:31:31]}  cxd5 {[%clk 1:21:04]} 4. Bd3 {[%clk 1:31:53]}  Nc6 {[%clk 1:21:28]} 5. c3 {[%clk 1:32:17]}  Qc7 {[%clk 1:21:54]} 6. h3 {[%clk 1:32:22]}  e5 {[%clk 1:22:15]} 7. dxe5 {[%clk 1:30:28]}  Nxe5 {[%clk 1:22:38]} 8. Bc2 {[%clk 1:29:09]}  Bd6 {[%clk 1:20:05]} 9. Nf3 {[%clk 1:28:09]}  Nf6 {[%clk 1:19:07]} 10. Bg5 {[%clk 1:25:41]}  Nxf3+ {[%clk 1:17:18]} 11. Qxf3 {[%clk 1:25:55]}  Qe7+ {[%clk 1:17:20]} 12. Kd1 {[%clk 1:23:32]}  O-O {[%clk 1:14:56]} 13. Re1 {[%clk 1:22:44]}  Be6 {[%clk 1:08:58]} 14. Qd3 {[%clk 1:17:44]}  Rfe8 {[%clk 1:06:08]} 15. Kc1 {[%clk 1:07:16]}  h6 {[%clk 1:02:32]} 16. Bh4 {[%clk 1:03:19]}  Bf4+ {[%clk 0:55:34]} 17. Nd2 {[%clk 1:02:41]}  Bf5 {[%clk 0:49:05]} 18. Rxe7 {[%clk 0:52:32]}  Bxd3 {[%clk 0:49:06]} 19. Bxf6 {[%clk 0:51:16]}  gxf6 {[%clk 0:49:11]} 20. Rxe8+ {[%clk 0:49:02]}  Rxe8 {[%clk 0:49:31]} 21. Bd1 {[%clk 0:46:49]}  Bf1 {[%clk 0:20:54]} 22. g3 {[%clk 0:46:26]}  Bxd2+ {[%clk 0:18:40]} 23. Kxd2 {[%clk 0:46:54]}  Bxh3 {[%clk 0:18:14]} 24. Bf3 {[%clk 0:46:05]}  Kg7 {[%clk 0:17:06]} 25. Re1 {[%clk 0:45:11]}  Rxe1 {[%clk 0:16:40]} 26. Kxe1 {[%clk 0:45:40]}  Be6 {[%clk 0:16:42]} 27. Kd2 {[%clk 0:45:51]}  b6 {[%clk 0:15:21]} 28. a3 {[%clk 0:45:43]}  Kf8 {[%clk 0:15:03]} 29. Ke3 {[%clk 0:45:33]}  Ke7 {[%clk 0:15:15]} 30. Kd4 {[%clk 0:45:05]}  Kd6 {[%clk 0:15:28]} 31. Bg2 {[%clk 0:44:27]}  f5 {[%clk 0:13:12]} 32. b4 {[%clk 0:42:12]}  f6 {[%clk 0:13:28]} 33. Bf3 {[%clk 0:28:04]}  Bf7 {[%clk 0:12:57]} 34. Be2 {[%clk 0:27:47]}  Be6 {[%clk 0:12:13]} 35. f4 {[%clk 0:27:45]}  Bd7 {[%clk 0:09:31]} 36. Bh5 {[%clk 0:27:14]}  Ba4 {[%clk 0:08:27]} 37. Bf7 {[%clk 0:26:36]}  Bb3 {[%clk 0:08:03]} 38. Ke3 {[%clk 0:26:03]}  d4+ {[%clk 0:08:27]} 39. Kxd4 {[%clk 0:26:00]}  Bxf7 {[%clk 0:08:51]} 40. c4 {[%clk 0:25:16]}  Be8 {[%clk 0:06:48]} 41. Kd3 {[%clk 0:25:20]}  Bc6 {[%clk 0:05:04]} 42. Kd4 {[%clk 0:25:34]}  b5 {[%clk 0:04:31]} 43. cxb5 {[%clk 0:23:02]}  Bxb5 {[%clk 0:04:52]} 44. Kc3 {[%clk 0:22:31]}  Kd5 {[%clk 0:05:06]} 45. Kb3 {[%clk 0:22:51]}  Ke4 {[%clk 0:05:22]} 46. a4 {[%clk 0:23:17]}  Bf1 {[%clk 0:04:43]} 47. b5 {[%clk 0:23:24]}  Kf3 {[%clk 0:04:51]} 48. Kb4 {[%clk 0:23:35]}  Kxg3 {[%clk 0:05:11]} 49. Ka5 {[%clk 0:23:59]}  h5 {[%clk 0:03:26]} 50. Ka6 {[%clk 0:23:59]}  h4 {[%clk 0:03:44]} 51. Kxa7 {[%clk 0:24:25]}  h3 {[%clk 0:04:07]} 52. b6 {[%clk 0:24:41]}  Bg2 {[%clk 0:04:22]} 53. a5 {[%clk 0:24:41]}  h2 {[%clk 0:04:46]} 54. a6 {[%clk 0:24:57]}  h1=Q {[%clk 0:05:07]} 55. b7 {[%clk 0:25:07]}  Qg1+ {[%clk 0:04:09]} 0-1

[Event "9 Round Open"]
[Site "Enniscrone, Sligo, IE"]
[Date "2026.02.03"]
[Round "3"]
[White "Mabhena, Vladimir"]
[Black "Webb, Nick"]
[Result "1/2-1/2"]
[Board "20"]
[WhiteFideId "2519143"]
[BlackFideId "2517302"]
[WhiteElo "1546"]
[BlackElo "1876"]
[WhiteTeam "IRL"]
[BlackTeam "IRL"]
[WhiteClock "0:40:49"]
[BlackClock "0:32:54"]
[Variant "Standard"]

1. e4 {[%clk 1:30:50]}  c5 {[%clk 1:30:51]} 2. Nf3 {[%clk 1:31:09]}  e6 {[%clk 1:31:08]} 3. c3 {[%clk 1:31:26]}  d5 {[%clk 1:31:05]} 4. e5 {[%clk 1:28:54]}  a6 {[%clk 1:30:34]} 5. d4 {[%clk 1:28:37]}  cxd4 {[%clk 1:29:45]} 6. cxd4 {[%clk 1:29:01]}  Nc6 {[%clk 1:29:29]} 7. Bd3 {[%clk 1:26:55]}  Be7 {[%clk 1:29:18]} 8. O-O {[%clk 1:25:48]}  f6 {[%clk 1:29:19]} 9. Nbd2 {[%clk 1:20:13]}  Nh6 {[%clk 1:26:44]} 10. Nb3 {[%clk 1:20:11]}  Nf7 {[%clk 1:26:08]} 11. Bf4 {[%clk 1:18:48]}  O-O {[%clk 1:25:13]} 12. Rc1 {[%clk 1:17:01]}  Bd7 {[%clk 1:18:17]} 13. Re1 {[%clk 1:14:01]}  Rc8 {[%clk 1:09:03]} 14. Nc5 {[%clk 1:11:07]}  Bxc5 {[%clk 1:08:39]} 15. Rxc5 {[%clk 1:11:18]}  f5 {[%clk 0:58:20]} 16. a3 {[%clk 1:05:03]}  Nxd4 {[%clk 0:55:45]} 17. Rxc8 {[%clk 1:04:26]}  Nxf3+ {[%clk 0:55:38]} 18. Qxf3 {[%clk 1:04:05]}  Qxc8 {[%clk 0:55:28]} 19. g4 {[%clk 1:01:14]}  g6 {[%clk 0:51:54]} 20. gxf5 {[%clk 0:59:12]}  gxf5 {[%clk 0:52:04]} 21. Qg3+ {[%clk 0:57:42]}  Kh8 {[%clk 0:52:17]} 22. Qh4 {[%clk 0:56:54]}  Rg8+ {[%clk 0:51:20]} 23. Kh1 {[%clk 0:56:37]}  Qd8 {[%clk 0:46:23]} 24. Qxd8 {[%clk 0:54:52]}  Rxd8 {[%clk 0:46:22]} 25. Rc1 {[%clk 0:53:05]}  Rc8 {[%clk 0:42:26]} 26. Rxc8+ {[%clk 0:53:07]}  Bxc8 {[%clk 0:42:47]} 27. Kg2 {[%clk 0:52:54]}  Kg7 {[%clk 0:42:22]} 28. Kf3 {[%clk 0:52:55]}  Nd8 {[%clk 0:40:49]} 29. b4 {[%clk 0:50:56]}  b5 {[%clk 0:37:23]} 30. h4 {[%clk 0:49:08]}  Nc6 {[%clk 0:37:16]} 31. Ke3 {[%clk 0:48:11]}  Bd7 {[%clk 0:36:54]} 32. Be2 {[%clk 0:46:17]}  Be8 {[%clk 0:35:27]} 33. Kd3 {[%clk 0:44:38]}  Kf8 {[%clk 0:33:39]} 34. Bh6+ {[%clk 0:42:53]}  Ke7 {[%clk 0:33:37]} 35. f4 {[%clk 0:40:49]}  Kd7 {[%clk 0:32:54]} 1/2-1/2

[Event "9 Round Open"]
[Site "Enniscrone, Sligo, IE"]
[Date "2026.02.04"]
[Round "4"]
[White "Liu, Jason"]
[Black "Blohberger, Felix"]
[Result "1/2-1/2"]
[Board "1"]
[WhiteFideId "2514656"]
[BlackFideId "1632051"]
[WhiteTitle "FM"]
[BlackTitle "GM"]
[WhiteElo "2181"]
[BlackElo "2543"]
[WhiteTeam "IRL"]
[BlackTeam "AUT"]
[WhiteClock "0:02:41"]
[BlackClock "0:01:15"]
[Variant "Standard"]

1. e4 {[%clk 1:30:57]}  e6 {[%clk 1:30:54]} 2. d4 {[%clk 1:31:18]}  d5 {[%clk 1:31:18]} 3. e5 {[%clk 1:31:37]}  c5 {[%clk 1:31:08]} 4. c3 {[%clk 1:31:53]}  Nc6 {[%clk 1:31:12]} 5. Nf3 {[%clk 1:32:17]}  Nge7 {[%clk 1:27:47]} 6. Na3 {[%clk 1:30:07]}  Bd7 {[%clk 1:24:29]} 7. Nc2 {[%clk 1:22:09]}  Qa5 {[%clk 1:22:59]} 8. Bd2 {[%clk 1:18:33]}  Qb6 {[%clk 1:21:18]} 9. Rb1 {[%clk 1:14:25]}  Nf5 {[%clk 1:16:42]} 10. Bd3 {[%clk 1:11:18]}  cxd4 {[%clk 1:16:34]} 11. Bxf5 {[%clk 1:09:57]}  exf5 {[%clk 1:16:54]} 12. Ncxd4 {[%clk 1:07:50]}  Bc5 {[%clk 1:03:48]} 13. Be3 {[%clk 0:55:47]}  O-O {[%clk 1:03:30]} 14. O-O {[%clk 0:52:56]}  Rfe8 {[%clk 1:02:30]} 15. Nxc6 {[%clk 0:47:33]}  bxc6 {[%clk 1:00:49]} 16. Bxc5 {[%clk 0:46:38]}  Qxc5 {[%clk 1:01:11]} 17. Re1 {[%clk 0:44:58]}  a5 {[%clk 0:48:53]} 18. Qd2 {[%clk 0:44:00]}  Qb6 {[%clk 0:42:07]} 19. b3 {[%clk 0:33:21]}  Be6 {[%clk 0:40:13]} 20. Qf4 {[%clk 0:26:47]}  Qc7 {[%clk 0:34:46]} 21. Nd4 {[%clk 0:23:19]}  Qd7 {[%clk 0:32:17]} 22. c4 {[%clk 0:20:25]}  dxc4 {[%clk 0:28:06]} 23. Nxe6 {[%clk 0:19:38]}  Qxe6 {[%clk 0:26:43]} 24. Qxc4 {[%clk 0:19:44]}  Qxc4 {[%clk 0:26:25]} 25. bxc4 {[%clk 0:20:08]}  Rab8 {[%clk 0:22:45]} 26. f4 {[%clk 0:17:25]}  Kf8 {[%clk 0:21:35]} 27. Kf2 {[%clk 0:15:38]}  Rb4 {[%clk 0:21:04]} 28. Rxb4 {[%clk 0:08:44]}  axb4 {[%clk 0:21:26]} 29. c5 {[%clk 0:07:42]}  Ra8 {[%clk 0:20:54]} 30. Re2 {[%clk 0:07:50]}  Ra3 {[%clk 0:15:25]} 31. Rb2 {[%clk 0:07:42]}  Ke7 {[%clk 0:15:43]} 32. Kf1 {[%clk 0:05:59]}  Ra4 {[%clk 0:13:31]} 33. g3 {[%clk 0:04:32]}  h6 {[%clk 0:13:38]} 34. Kf2 {[%clk 0:04:22]}  g5 {[%clk 0:12:13]} 35. h3 {[%clk 0:01:50]}  Ra5 {[%clk 0:10:15]} 36. Rxb4 {[%clk 0:01:18]}  Rxa2+ {[%clk 0:10:26]} 37. Ke3 {[%clk 0:01:33]}  Ra3+ {[%clk 0:10:05]} 38. Kf2 {[%clk 0:01:54]}  Rc3 {[%clk 0:07:49]} 39. Rb8 {[%clk 0:00:53]}  Rxc5 {[%clk 0:07:03]} 40. Rh8 {[%clk 0:01:16]}  Rc2+ {[%clk 0:06:06]} 41. Ke3 {[%clk 0:01:25]}  Rc3+ {[%clk 0:04:40]} 42. Kd4 {[%clk 0:01:51]}  Rxg3 {[%clk 0:04:44]} 43. Rxh6 {[%clk 0:02:17]}  gxf4 {[%clk 0:03:56]} 44. Rxc6 {[%clk 0:02:12]}  Rg1 {[%clk 0:01:59]} 45. Rf6 {[%clk 0:02:06]}  Rd1+ {[%clk 0:01:42]} 46. Kc3 {[%clk 0:02:18]}  Rf1 {[%clk 0:01:27]} 47. Kd4 {[%clk 0:01:47]}  Rd1+ {[%clk 0:01:04]} 48. Kc3 {[%clk 0:02:14]}  Rh1 {[%clk 0:00:55]} 49. Rxf5 {[%clk 0:01:39]}  Rxh3+ {[%clk 0:01:19]} 50. Kd4 {[%clk 0:01:54]}  f3 {[%clk 0:00:59]} 51. Ke3 {[%clk 0:02:19]}  Ke6 {[%clk 0:00:51]} 52. Rf6+ {[%clk 0:02:29]}  Kxe5 {[%clk 0:01:15]} 53. Rxf7 {[%clk 0:02:41]} 1/2-1/2

[Event "9 Round Open"]
[Site "Enniscrone, Sligo, IE"]
[Date "2026.02.04"]
[Round "4"]
[White "Krastev, Alexander"]
[Black "Risteski, Emil"]
[Result "1/2-1/2"]
[Board "2"]
[WhiteFideId "12989983"]
[BlackFideId "15005267"]
[WhiteTitle "IM"]
[BlackTitle "IM"]
[WhiteElo "2433"]
[BlackElo "2410"]
[WhiteTeam "GER"]
[BlackTeam "MKD"]
[WhiteClock "1:21:53"]
[BlackClock "1:34:33"]
[Variant "Standard"]

1. d4 {[%clk 1:30:54]}  Nf6 {[%clk 1:29:55]} 2. c4 {[%clk 1:31:10]}  e6 {[%clk 1:30:15]} 3. Nc3 {[%clk 1:31:21]}  Bb4 {[%clk 1:30:31]} 4. e3 {[%clk 1:31:38]}  O-O {[%clk 1:30:55]} 5. Bd3 {[%clk 1:32:05]}  Re8 {[%clk 1:31:13]} 6. Nge2 {[%clk 1:30:27]}  d5 {[%clk 1:31:01]} 7. O-O {[%clk 1:30:21]}  Bf8 {[%clk 1:31:23]} 8. e4 {[%clk 1:27:01]}  dxe4 {[%clk 1:31:38]} 9. Nxe4 {[%clk 1:27:28]}  Nxe4 {[%clk 1:32:01]} 10. Bxe4 {[%clk 1:27:49]}  e5 {[%clk 1:32:26]} 11. dxe5 {[%clk 1:27:03]}  Qxd1 {[%clk 1:32:49]} 12. Rxd1 {[%clk 1:27:30]}  Rxe5 {[%clk 1:33:11]} 13. Rd8 {[%clk 1:22:05]}  Rxe4 {[%clk 1:29:08]} 14. Rxc8 {[%clk 1:22:25]}  Rxe2 {[%clk 1:29:33]} 15. Kf1 {[%clk 1:21:50]}  Rc2 {[%clk 1:29:55]} 16. Be3 {[%clk 1:19:51]}  f6 {[%clk 1:29:55]} 17. Rd1 {[%clk 1:18:11]}  Kf7 {[%clk 1:30:15]} 18. Rdd8 {[%clk 1:16:59]}  Bd6 {[%clk 1:30:08]} 19. c5 {[%clk 1:17:17]}  Bxc5 {[%clk 1:30:13]} 20. Rxc7+ {[%clk 1:17:42]}  Be7 {[%clk 1:30:38]} 21. Rxb8 {[%clk 1:18:05]}  Rxc7 {[%clk 1:31:00]} 22. Rxa8 {[%clk 1:18:31]}  a6 {[%clk 1:31:22]} 23. b3 {[%clk 1:18:40]}  Bc5 {[%clk 1:31:43]} 24. Bxc5 {[%clk 1:19:06]}  Rxc5 {[%clk 1:32:08]} 25. g3 {[%clk 1:19:26]}  Rc2 {[%clk 1:32:32]} 26. Ra7 {[%clk 1:19:49]}  Rxa2 {[%clk 1:32:56]} 27. Rxb7+ {[%clk 1:20:16]}  Kg6 {[%clk 1:33:20]} 28. b4 {[%clk 1:20:36]}  a5 {[%clk 1:33:44]} 29. bxa5 {[%clk 1:21:01]}  Rxa5 {[%clk 1:34:09]} 30. Kg2 {[%clk 1:21:29]}  h5 {[%clk 1:34:33]} 31. h4 {[%clk 1:21:53]} 1/2-1/2

[Event "9 Round Open"]
[Site "Enniscrone, Sligo, IE"]
[Date "2026.02.04"]
[Round "4"]
[White "Willems, Niels"]
[Black "Rosol, Philip"]
[Result "0-1"]
[Board "3"]
[WhiteFideId "20695586"]
[BlackFideId "1664905"]
[WhiteTitle "FM"]
[WhiteElo "2390"]
[BlackElo "2271"]
[WhiteTeam "FRA"]
[BlackTeam "POL"]
[WhiteClock "0:02:45"]
[BlackClock "0:05:51"]
[Variant "Standard"]

1. c4 {[%clk 1:29:51]}  e6 {[%clk 1:30:28]} 2. Nc3 {[%clk 1:30:18]}  d5 {[%clk 1:30:47]} 3. e3 {[%clk 1:30:34]}  Nf6 {[%clk 1:30:49]} 4. Nf3 {[%clk 1:31:02]}  c5 {[%clk 1:30:59]} 5. cxd5 {[%clk 1:31:26]}  exd5 {[%clk 1:31:23]} 6. d4 {[%clk 1:31:48]}  c4 {[%clk 1:31:21]} 7. Bd2 {[%clk 1:30:40]}  a6 {[%clk 1:31:06]} 8. a4 {[%clk 1:28:31]}  Bb4 {[%clk 1:31:18]} 9. b3 {[%clk 1:22:38]}  Be6 {[%clk 1:31:05]} 10. Be2 {[%clk 1:03:47]}  O-O {[%clk 1:29:00]} 11. O-O {[%clk 1:02:59]}  Nc6 {[%clk 1:26:13]} 12. bxc4 {[%clk 0:52:39]}  Bxc3 {[%clk 1:25:59]} 13. Bxc3 {[%clk 0:53:00]}  dxc4 {[%clk 1:26:16]} 14. a5 {[%clk 0:50:40]}  Ne4 {[%clk 1:09:19]} 15. Qc2 {[%clk 0:50:08]}  Bd5 {[%clk 0:59:39]} 16. Nd2 {[%clk 0:44:22]}  Nxd2 {[%clk 0:52:24]} 17. Bxd2 {[%clk 0:44:23]}  Qh4 {[%clk 0:51:09]} 18. f3 {[%clk 0:42:26]}  Rfe8 {[%clk 0:50:36]} 19. Rf2 {[%clk 0:38:11]}  Nxd4 {[%clk 0:47:39]} 20. Qc3 {[%clk 0:33:00]}  Nb5 {[%clk 0:39:00]} 21. Qb4 {[%clk 0:31:25]}  Qe7 {[%clk 0:36:59]} 22. e4 {[%clk 0:29:33]}  Qxb4 {[%clk 0:35:18]} 23. Bxb4 {[%clk 0:30:02]}  Be6 {[%clk 0:35:26]} 24. Rc1 {[%clk 0:28:48]}  Rac8 {[%clk 0:34:35]} 25. Bf1 {[%clk 0:27:24]}  Red8 {[%clk 0:29:03]} 26. Rd2 {[%clk 0:24:24]}  Rxd2 {[%clk 0:29:12]} 27. Bxd2 {[%clk 0:24:52]}  f6 {[%clk 0:25:56]} 28. Kf2 {[%clk 0:24:07]}  Kf7 {[%clk 0:25:31]} 29. Bb4 {[%clk 0:22:01]}  g5 {[%clk 0:22:44]} 30. Ke3 {[%clk 0:21:37]}  Rc6 {[%clk 0:18:45]} 31. g3 {[%clk 0:21:43]}  Nc7 {[%clk 0:18:13]} 32. Kd4 {[%clk 0:20:31]}  Nb5+ {[%clk 0:16:38]} 33. Ke3 {[%clk 0:21:00]}  Kg7 {[%clk 0:16:01]} 34. f4 {[%clk 0:11:48]}  Bf7 {[%clk 0:16:20]} 35. h4 {[%clk 0:11:22]}  h6 {[%clk 0:16:35]} 36. hxg5 {[%clk 0:11:44]}  hxg5 {[%clk 0:17:01]} 37. Be2 {[%clk 0:11:10]}  Nc7 {[%clk 0:16:56]} 38. fxg5 {[%clk 0:09:58]}  fxg5 {[%clk 0:17:10]} 39. Bc3+ {[%clk 0:06:39]}  Kf8 {[%clk 0:17:35]} 40. Rf1 {[%clk 0:04:10]}  Nb5 {[%clk 0:15:18]} 41. Bb4+ {[%clk 0:03:31]}  Kg7 {[%clk 0:13:04]} 42. Rf5 {[%clk 0:02:51]}  g4 {[%clk 0:05:08]} 43. Rc5 {[%clk 0:01:10]}  Rxc5 {[%clk 0:04:26]} 44. Bxc5 {[%clk 0:01:39]}  Be6 {[%clk 0:04:55]} 45. Kf4 {[%clk 0:01:31]}  Kf7 {[%clk 0:04:48]} 46. Bb4 {[%clk 0:00:59]}  Kf6 {[%clk 0:03:34]} 47. e5+ {[%clk 0:01:13]}  Kf7 {[%clk 0:03:51]} 48. Bxg4 {[%clk 0:00:34]}  Bxg4 {[%clk 0:03:44]} 49. Kxg4 {[%clk 0:00:31]}  c3 {[%clk 0:03:48]} 50. Kf3 {[%clk 0:00:37]}  c2 {[%clk 0:03:53]} 51. Bd2 {[%clk 0:01:01]}  Nd4+ {[%clk 0:04:06]} 52. Ke4 {[%clk 0:00:53]}  Nb3 {[%clk 0:04:27]} 53. Kd3 {[%clk 0:01:02]}  c1=Q {[%clk 0:04:26]} 54. Bxc1 {[%clk 0:01:31]}  Nxc1+ {[%clk 0:04:49]} 55. Kc4 {[%clk 0:02:00]}  Ke6 {[%clk 0:05:08]} 56. Kc5 {[%clk 0:02:30]}  Nb3+ {[%clk 0:05:28]} 57. Kb6 {[%clk 0:02:45]}  Nxa5 {[%clk 0:05:51]} 0-1

[Event "9 Round Open"]
[Site "Enniscrone, Sligo, IE"]
[Date "2026.02.04"]
[Round "4"]
[White "Morriss, Pete"]
[Black "Collins, Adam"]
[Result "0-1"]
[Board "4"]
[WhiteFideId "2500230"]
[BlackFideId "2512300"]
[BlackTitle "FM"]
[WhiteElo "1931"]
[BlackElo "2312"]
[WhiteTeam "IRL"]
[BlackTeam "IRL"]
[WhiteClock "0:18:28"]
[BlackClock "1:05:23"]
[Variant "Standard"]

1. b4 {[%clk 1:29:57]}  e5 {[%clk 1:30:38]} 2. Bb2 {[%clk 1:30:21]}  Bxb4 {[%clk 1:30:34]} 3. Bxe5 {[%clk 1:30:42]}  Nf6 {[%clk 1:31:00]} 4. a3 {[%clk 1:31:02]}  Ba5 {[%clk 1:30:54]} 5. c4 {[%clk 1:31:25]}  Nc6 {[%clk 1:31:04]} 6. Bb2 {[%clk 1:31:23]}  d5 {[%clk 1:31:32]} 7. cxd5 {[%clk 1:31:26]}  Qxd5 {[%clk 1:31:16]} 8. e3 {[%clk 1:22:57]}  Bg4 {[%clk 1:31:39]} 9. Qc2 {[%clk 1:14:55]}  O-O-O {[%clk 1:23:33]} 10. Bxf6 {[%clk 1:03:36]}  gxf6 {[%clk 1:23:33]} 11. Nc3 {[%clk 1:03:41]}  Qc5 {[%clk 1:18:53]} 12. Nge2 {[%clk 0:58:45]}  Rhe8 {[%clk 1:15:04]} 13. f3 {[%clk 0:32:04]}  Bf5 {[%clk 1:13:57]} 14. Qb2 {[%clk 0:27:38]}  Ne5 {[%clk 1:09:27]} 15. Nf4 {[%clk 0:19:47]}  Rxd2 {[%clk 1:04:22]} 16. Kxd2 {[%clk 0:19:27]}  Nxf3+ {[%clk 1:04:35]} 17. gxf3 {[%clk 0:18:06]}  Qxe3+ {[%clk 1:05:02]} 18. Kd1 {[%clk 0:18:28]}  Qe1# {[%clk 1:05:23]} 0-1